[Event "Nord West Cup 3rd"]
[Site "Oldenburg"]
[Date "2001.02.03"]
[Round "5"]
[White "Klewin, Oliver"]
[Black "Mursajew, Anatoli"]
[Result "1-0"]
[WhiteElo "1633"]
[BlackElo "1572"]
[PlyCount "154"]
[EventDate "2001.02.01"]
[EventType "swiss"]
[EventRounds "7"]
[EventCountry "GER"]
[SourceTitle "EXT 2010"]
[Source "ChessBase"]
[SourceDate "2010.11.25"]
[SourceVersion "1"]
[SourceVersionDate "2010.11.25"]
[SourceQuality "1"]

1. e4 c5 2. d4 cxd4 3. c3 Nc6 4. Nf3 d6 5. Bc4 e6 6. 0-0 Be7 7. Nxd4 Nf6 8. Qe2 0-0 9. Nf3 Nd7 10. Bf4 Nb6 11. Bd3 e5 12. Bg3 f5 13. exf5 Bxf5 14. Nbd2 Bxd3 15. Qxd3 Nd7 16. Ne4 Nf6 17. Neg5 Qd7 18. Rad1 h6 19. Ne4 Rfd8 20. Nxf6+ Bxf6 21. Bh4 Qe7 22. Bg3 Rd7 23. Qc4+ Kh8 24. Rfe1 Rad8 25. Rd5 Qf7 26. Nd2 Bg5 27. Rd3 d5 28. Qg4 e4 29. Nxe4 dxe4 30. Rxd7 Qxd7 31. Qxd7 Rxd7 32. h4 Bf6 33. Rxe4 Re7 34. Rxe7 Nxe7 35. Bb8 Nc6 36. Bg3 a6 37. Kf1 Be5 38. Bxe5 Nxe5 39. Ke2 Kh7 40. f4 Nc6 41. g4 Kg6 42. h5+ Kf6 43. Kd3 Ke6 44. a4 Kd6 45. Ke4 Ne7 46. f5 Nd5 47. c4 Nf6+ 48. Kf4 Kc5 49. g5 Nxh5+ 50. Kg4 Ng3 51. f6 gxf6 52. gxh6 Ne4 53. h7 f5+ 54. Kxf5 Nd6+ 55. Kf6 Nxc4 56. h8Q Nxb2 57. Qc8+ Kb6 58. a5+ Kxa5 59. Qc3+ Ka4 60. Qxb2 b5 61. Ke5 b4 62. Kd5 Kb5 63. Qb3 a5 64. Kd4 Kb6 65. Kc4 Kc6 66. Qa4+ Kd6 67. Qxa5 b3 68. Kxb3 Ke6 69. Kc4 Kd6 70. Qc5+ Ke6 71. Kd4 Kf6 72. Ke4 Ke6 73. Qc6+ Ke7 74. Ke5 Kf7 75. Qd6 Ke8 76. Qc7 Kf8 77. Kf6 Kg8 1-0

[Event "Nord West Cup 3rd"]
[Site "Oldenburg"]
[Date "2001.02.03"]
[Round "4"]
[White "Mursajew, Anatoli"]
[Black "Fehsenfeld, Frithjof"]
[Result "0-1"]
[WhiteElo "1572"]
[BlackElo "1797"]
[PlyCount "86"]
[EventDate "2001.02.01"]
[EventType "swiss"]
[EventRounds "7"]
[EventCountry "GER"]
[SourceTitle "EXT 2010"]
[Source "ChessBase"]
[SourceDate "2010.11.25"]
[SourceVersion "1"]
[SourceVersionDate "2010.11.25"]
[SourceQuality "1"]

1. Nf3 d5 2. d4 Nf6 3. c4 e6 4. Bg5 Be7 5. Nc3 c6 6. e3 0-0 7. Bd3 Nbd7 8. h3 h6 9. Bf4 b6 10. 0-0 Bb7 11. Re1 Rc8 12. Rc1 a6 13. Qe2 dxc4 14. Bxc4 b5 15. Bd3 c5 16. b3 cxd4 17. exd4 Bb4 18. Bd2 Bxf3 19. Qxf3 Qa5 20. Bb1 Kh8 21. Rc2 Rc7 22. Qd3 Bxc3 23. Bxc3 Qb6 24. Bb4 Rfc8 25. Rxc7 Qxc7 26. Bd2 Rd8 27. Rc1 Qb7 28. Bf4 Rc8 29. Re1 b4 30. Bd2 a5 31. Bc2 Nb6 32. Bd1 Qc7 33. Bf3 Qc2 34. Qe2 Qxa2 35. Rd1 Qxb3 36. Qa6 Nfd5 37. Qxa5 Qa3 38. Qb5 Nc3 39. Bxc3 bxc3 40. Qxb6 c2 41. Rf1 c1Q 42. Rxc1 Qxc1+ 43. Kh2 Qf4+ 0-1

[Event "Nord West Cup 3rd"]
[Site "Oldenburg"]
[Date "2001.02.02"]
[Round "2"]
[White "Mursajew, Anatoli"]
[Black "Papenfuss, Kai"]
[Result "1/2-1/2"]
[WhiteElo "1572"]
[BlackElo "1789"]
[PlyCount "138"]
[EventDate "2001.02.01"]
[EventType "swiss"]
[EventRounds "7"]
[EventCountry "GER"]
[SourceTitle "EXT 2010"]
[Source "ChessBase"]
[SourceDate "2010.11.25"]
[SourceVersion "1"]
[SourceVersionDate "2010.11.25"]
[SourceQuality "1"]

1. c4 e5 2. Nc3 d6 3. g3 g6 4. Bg2 Bg7 5. Nf3 f5 6. d3 Nf6 7. Bg5 h6 8. Bxf6 Qxf6 9. Nd5 Qf7 10. Qc2 c6 11. Nc3 Be6 12. Nd2 0-0 13. e3 Na6 14. a3 f4 15. 0-0 Qd7 16. Rfe1 Bh3 17. Bh1 fxg3 18. fxg3 Qf5 19. Nde4 Rad8 20. Nf2 Nc5 21. Nxh3 Qxh3 22. b4 Ne6 23. Rad1 Ng5 24. Rf1 Qg4 25. Bg2 h5 26. Qe2 Nh3+ 27. Bxh3 Qxh3 28. Qg2 Qxg2+ 29. Kxg2 d5 30. cxd5 cxd5 31. Rxf8+ Kxf8 32. Ne2 Ke7 33. d4 exd4 34. exd4 g5 35. Rc1 Kd6 36. h3 Re8 37. Rc2 b5 38. Kf3 Re4 39. Rd2 g4+ 40. hxg4 hxg4+ 41. Kf2 Bh6 42. Rd3 a6 43. Nc3 Re7 44. Ne2 Rf7+ 45. Kg2 Ke6 46. Rc3 Kf5 47. Rc6 Be3 48. Nc3 Bxd4 49. Nxd5 Ke4 50. Nf4 Rf6 51. Rc2 Be3 52. Nh5 Rd6 53. Re2 Rd2 54. Nf6+ Kf5 55. Rxd2 Bxd2 56. Nd5 Ke5 57. Nc7 Kd4 58. Nxa6 Kc4 59. Nc5 Bxb4 60. axb4 Kxb4 61. Na6+ Ka5 62. Nc5 b4 63. Kf2 Kb5 64. Nd3 Kc4 65. Ke3 b3 66. Kd2 Kd4 67. Nb2 Ke4 68. Ke2 Kd4 69. Nd1 Ke4 1/2-1/2

[Event "Nord West Cup 3rd"]
[Site "Oldenburg"]
[Date "2001.02.02"]
[Round "3"]
[White "Schneider, Alexander"]
[Black "Mursajew, Anatoli"]
[Result "1-0"]
[WhiteElo "1090"]
[BlackElo "1572"]
[PlyCount "55"]
[EventDate "2001.02.01"]
[EventType "swiss"]
[EventRounds "7"]
[EventCountry "GER"]
[SourceTitle "EXT 2010"]
[Source "ChessBase"]
[SourceDate "2010.11.25"]
[SourceVersion "1"]
[SourceVersionDate "2010.11.25"]
[SourceQuality "1"]

1. e4 c5 2. Nf3 Nc6 3. Bb5 b6 4. b3 Bb7 5. 0-0 e5 6. Bb2 d6 7. c3 Nf6 8. d4 a6 9. dxe5 axb5 10. exf6 Qxf6 11. Qe2 Ba6 12. c4 Ne5 13. Nxe5 dxe5 14. cxb5 Bb7 15. f4 Qg6 16. Bxe5 Bxe4 17. f5 Bxf5 18. Bxg7+ Be7 19. Bxh8 Bd3 20. Qf3 Rd8 21. Re1 Kf8 22. Nc3 c4 23. Rxe7 Kxe7 24. Re1+ Kf8 25. Bf6 Rc8 26. Qb7 Bf5 27. Qe7+ Kg8 28. Qe8+ 1-0

[Event "Nord West Cup"]
[Site "Oldenburg"]
[Date "2000.02.11"]
[Round "3"]
[White "Mursajew, Anatoli"]
[Black "Hoeppner, Hans"]
[Result "0-1"]
[WhiteElo "1601"]
[BlackElo "1694"]
[PlyCount "110"]
[EventDate "2000.??.??"]
[EventType "swiss"]
[EventRounds "7"]
[EventCountry "GER"]
[SourceTitle "EXT 2002"]
[Source "ChessBase"]
[SourceDate "2001.11.25"]
[SourceVersion "1"]
[SourceVersionDate "2001.11.25"]
[SourceQuality "1"]

1. Nf3 e6 2. c4 Ne7 3. b3 Ng6 4. Bb2 d6 5. g3 Nd7 6. Bg2 e5 7. d3 Be7 8. 0-0 0-0 9. Nbd2 Re8 10. d4 Bf6 11. Ne4 Be7 12. Qc2 f5 13. Nxd6 cxd6 14. Qxf5 Nf6 15. Qc2 e4 16. Nd2 e3 17. fxe3 Ng4 18. Qd3 Bg5 19. Ne4 Nxe3 20. Rf3 Nxg2 21. Kxg2 Bg4 22. Rf2 Qe7 23. Nxg5 Qxg5 24. e4 Re7 25. Re1 Rf8 26. Rxf8+ Kxf8 27. Ba3 Rd7 28. e5 Bf5 29. Rf1 Rf7 30. Qe2 h5 31. e6 Rf6 32. Bxd6+ Ke8 33. d5 Bg4 34. Qd3 Bf5 35. Qe2 Bg4 36. Qd3 Bf5 37. Qd4 Bh3+ 38. Kxh3 Rxf1 39. c5 Qg4+ 40. Qxg4 hxg4+ 41. Kxg4 Rc1 42. h4 Ne7 43. Bxe7 Kxe7 44. Kf5 Rxc5 45. Ke5 Rc2 46. d6+ Ke8 47. a4 Rc5+ 48. Kd4 Rc1 49. b4 Rg1 50. a5 Rxg3 51. b5 Rg4+ 52. Kc5 Rxh4 53. a6 Rh5+ 54. Kc4 b6 55. Kb4 Rc5 0-1